[Event "Olimpiada de Khanty-Mansiysk 2010"]
[Site "Khanty-Mansiysk RUS"]
[Date "2010.09.29"]
[Round "8"]
[White "Semerene, Dumit"]
[Black "Neubauer, Martin"]
[Result "1/2-1/2"]
[WhiteElo "2318"]
[BlackElo "2428"]
[PlyCount "53"]
[EventDate "2010.09.21"]
[EventType "team"]
[EventRounds "11"]
[EventCountry "RUS"]
[Source "lmi"]
[SourceDate "2010.09.21"]
[WhiteTeam "Venezuela"]
[BlackTeam "Austria"]
[WhiteTeamCountry "VEN"]
[BlackTeamCountry "AUT"]

1. Nf3 Nf6 2. g3 d5 3. Bg2 c6 4. O-O Bg4 5. d3 Nbd7 6. b3 e5 7. Nbd2 Bd6 8. Bb2
O-O 9. c4 Qe7 10. h3 Bxf3 11. Nxf3 Rfe8 12. cxd5 cxd5 13. e3 Rac8 14. Rc1 Ba3
15. Qd2 b6 16. Rxc8 Rxc8 17. Rc1 Rxc1+ 18. Qxc1 Bxb2 19. Qxb2 a5 20. Bf1 h6 21.
d4 e4 22. Nd2 h5 23. Qc1 h4 24. g4 Qe6 25. Qc7 Nf8 26. Ba6 N6d7 27. Bc8 1/2-1/2

[Event "Olimpiada de Khanty-Mansiysk 2010"]
[Site "Khanty-Mansiysk RUS"]
[Date "2010.09.29"]
[Round "8"]
[White "Kreisl, Robert"]
[Black "Boada, Wiston"]
[Result "1-0"]
[WhiteElo "2376"]
[BlackElo "2270"]
[PlyCount "67"]
[EventDate "2010.09.21"]
[EventType "team"]
[EventRounds "11"]
[EventCountry "RUS"]
[Source "lmi"]
[SourceDate "2010.09.21"]
[WhiteTeam "Austria"]
[BlackTeam "Venezuela"]
[WhiteTeamCountry "AUT"]
[BlackTeamCountry "VEN"]

1. c4 Nf6 2. Nf3 c5 3. Nc3 b6 4. e4 d6 5. d4 cxd4 6. Nxd4 Bb7 7. Qe2 e6 8. g3
Be7 9. Bg2 O-O 10. O-O Nbd7 11. Rd1 Qb8 12. a4 a6 13. a5 Qc7 14. Nb3 Rab8 15.
Bf4 Ne5 16. axb6 Qxb6 17. Na5 Ba8 18. Rdb1 Rfc8 19. b4 Qd4 20. Rb3 Qa7 21. Bxe5
dxe5 22. c5 Ne8 23. Rbb1 Nc7 24. Nc4 f6 25. Nb6 Rd8 26. Nb5 Nxb5 27. Qxb5 Bb7
28. Qc4 Kh8 29. Qxe6 Bf8 30. Qf7 Re8 31. Nd5 Ra8 32. Bf1 Reb8 33. Bc4 Bxd5 34.
Qxd5 1-0

[Event "Olimpiada de Khanty-Mansiysk 2010"]
[Site "Khanty-Mansiysk RUS"]
[Date "2010.09.29"]
[Round "8"]
[White "Simonet, Marc"]
[Black "Genba, Vladimir"]
[Result "0-1"]
[WhiteElo "2277"]
[BlackElo "2445"]
[PlyCount "128"]
[EventDate "2010.09.21"]
[EventType "team"]
[EventRounds "11"]
[EventCountry "RUS"]
[Source "lmi"]
[SourceDate "2010.09.21"]
[WhiteTeam "Andorra"]
[BlackTeam "RU4"]
[WhiteTeamCountry "AND"]

1. d4 d5 2. c4 e6 3. Nf3 c5 4. cxd5 exd5 5. Bg5 Be7 6. Bxe7 Nxe7 7. dxc5 Na6 8.
Qd4 O-O 9. Nc3 Qa5 10. e3 Nb4 11. Qd2 Qxc5 12. Be2 Bg4 13. Nd4 Bxe2 14. Ncxe2
Nbc6 15. O-O Rfd8 16. Rac1 Qb6 17. Rc3 Ne5 18. b3 a5 19. a4 N7c6 20. Nxc6 Nxc6
21. Nd4 Nxd4 22. Qxd4 Qxd4 23. exd4 Rd6 24. Re1 Rc6 25. Rxc6 bxc6 26. Rc1 Ra6
27. Kf1 Kf8 28. Rc5 Ke7 29. Ke2 Kd6 30. Kd3 g5 31. g4 f6 32. f3 Ra8 33. Rc2 Re8
34. Kd2 h5 35. h3 h4 36. Rc5 Ra8 37. Rc3 Rb8 38. Kc2 Rb4 39. Kd3 Kc7 40. Ke3
Rb8 41. Kd2 Re8 42. Rc5 Kb6 43. Rc3 Re7 44. Rc1 Re8 45. Rc3 Kc7 46. Rc5 Ra8 47.
Kd3 Kd6 48. Kd2 Ra6 49. Kc2 f5 50. Kd2 f4 51. Rc1 Rb6 52. Kc3 c5 53. dxc5+ Kxc5
54. Re1 d4+ 55. Kc2 Kd5 56. Re8 Rc6+ 57. Kb2 Rc3 58. Rd8+ Ke5 59. Re8+ Kf6 60.
Rd8 Rxf3 61. Rxd4 Rxh3 62. b4 Ke5 63. Rc4 axb4 64. Rxb4 f3 0-1

[Event "Olimpiada de Khanty-Mansiysk 2010"]
[Site "Khanty-Mansiysk RUS"]
[Date "2010.09.29"]
[Round "8"]
[White "Iljiushenok, Ilia"]
[Black "Garcia, Raul"]
[Result "1-0"]
[WhiteElo "2412"]
[BlackElo "2236"]
[PlyCount "159"]
[EventDate "2010.09.21"]
[EventType "team"]
[EventRounds "11"]
[EventCountry "RUS"]
[Source "lmi"]
[SourceDate "2010.09.21"]
[WhiteTeam "RU4"]
[BlackTeam "Andorra"]
[BlackTeamCountry "AND"]

1. d4 d5 2. c4 c6 3. Nf3 Nf6 4. e3 a6 5. Bd3 dxc4 6. Bxc4 e6 7. a4 Bb4+ 8. Bd2
Qa5 9. O-O O-O 10. Ne5 c5 11. Bxb4 Qxb4 12. Nd2 cxd4 13. exd4 Nc6 14. Nxc6 bxc6
15. Qc2 Rb8 16. b3 c5 17. dxc5 Qxc5 18. Rae1 Rb6 19. Nf3 Bb7 20. Ne5 Rd6 21.
Re3 Rc8 22. Qe2 Qb6 23. a5 Qd8 24. Qe1 Nd5 25. Rf3 Rc7 26. Qc1 Nf6 27. Rh3 Bd5
28. Qg5 Bxc4 29. Nxc4 Rd5 30. Qe3 Rd1 31. Qe2 Rcd7 32. Re3 Rxf1+ 33. Qxf1 Rd1
34. Re1 Rd3 35. Ne5 Rd6 36. h3 h6 37. b4 Nd5 38. b5 axb5 39. Qxb5 Qa8 40. g3
Ra6 41. Ra1 g6 42. Rc1 Kg7 43. Qb2 Kg8 44. Qb5 Kg7 45. Ra1 h5 46. h4 Kg8 47.
Nd7 Qc8 48. Nb8 Ra8 49. Nc6 Qa6 50. Rb1 Kg7 51. Qb7 Qxb7 52. Rxb7 Ra6 53. Nd8
Rxa5 54. Rxf7+ Kg8 55. Rd7 Ra6 56. Nf7 Kf8 57. Ne5 Ne7 58. Kg2 Rb6 59. Ra7 Rb5
60. Nf3 Kf7 61. Ng5+ Kf6 62. Ra6 Nf5 63. Nxe6 Kf7 64. Ng5+ Kg7 65. Nh3 Rb7 66.
Nf4 Ne7 67. Kf3 Kf7 68. Nd3 Kg7 69. Ne5 Rc7 70. Re6 Ra7 71. Kf4 Kh6 72. g4 hxg4
73. Kxg4 Kg7 74. Kg5 Rb7 75. f4 Kh7 76. Rf6 Ng8 77. Rxg6 Rb1 78. Ra6 Rg1+ 79.
Ng4 Kg7 80. f5 1-0

[Event "Olimpiada de Khanty-Mansiysk 2010"]
[Site "Khanty-Mansiysk RUS"]
[Date "2010.09.29"]
[Round "8"]
[White "Jose Queralto, Daniel"]
[Black "Yoshan, Valeriy"]
[Result "0-1"]
[WhiteElo "2105"]
[BlackElo "2408"]
[PlyCount "68"]
[EventDate "2010.09.21"]
[EventType "team"]
[EventRounds "11"]
[EventCountry "RUS"]
[Source "lmi"]
[SourceDate "2010.09.21"]
[WhiteTeam "Andorra"]
[BlackTeam "RU4"]
[WhiteTeamCountry "AND"]

1. e4 c5 2. Nf3 e6 3. d4 cxd4 4. Nxd4 Qb6 5. Nb3 Nc6 6. a3 Nf6 7. Nc3 a6 8. Be3
Qc7 9. f4 d6 10. Be2 Be7 11. O-O b5 12. Bf3 Bb7 13. Qe1 h6 14. Rc1 g5 15. fxg5
hxg5 16. Bxg5 Ng4 17. Bf4 Qb6+ 18. Kh1 Nce5 19. Qe2 Nf6 20. Nd1 Nxf3 21. gxf3
Nh5 22. Qd2 e5 23. Bh6 d5 24. Be3 Ng3+ 25. Kg2 Nxf1 26. Bxb6 Nxd2 27. Nxd2 dxe4
28. Nxe4 f5 29. Ng3 Rg8 30. Kf1 Bg5 31. Rb1 Bxf3 32. Nxf5 Rf8 33. Ng7+ Kf7 34.
Nf5 Kg6 0-1

[Event "Olimpiada de Khanty-Mansiysk 2010"]
[Site "Khanty-Mansiysk RUS"]
[Date "2010.09.29"]
[Round "8"]
[White "Rozentalis, Eduardas"]
[Black "Karttunen, Mika"]
[Result "1-0"]
[WhiteElo "2611"]
[BlackElo "2440"]
[PlyCount "135"]
[EventDate "2010.09.21"]
[EventType "team"]
[EventRounds "11"]
[EventCountry "RUS"]
[Source "lmi"]
[SourceDate "2010.09.21"]
[WhiteTeam "Lituania"]
[BlackTeam "Finlandia"]
[WhiteTeamCountry "LTU"]
[BlackTeamCountry "FIN"]

1. e4 Nf6 2. e5 Nd5 3. d4 d6 4. Nf3 g6 5. Bc4 c6 6. h3 Bg7 7. O-O O-O 8. Re1
Nb6 9. Bb3 d5 10. Nbd2 a5 11. c3 Na6 12. Bc2 f5 13. exf6 exf6 14. Nf1 Nc7 15.
h4 Re8 16. h5 Rxe1 17. Qxe1 g5 18. Ng3 Be6 19. Qe2 Kh8 20. Qd3 Bg8 21. a4 Nc4
22. b3 Nd6 23. Ba3 Ne6 24. Re1 Nf4 25. Qd1 Bf8 26. Nh2 Nf7 27. Bxf8 Qxf8 28.
Nf5 Re8 29. Re3 Re6 30. g3 Rxe3 31. fxe3 Ne6 32. Qf3 Nc7 33. Ng4 Ne8 34. c4 Nd8
35. c5 Be6 36. h6 Nf7 37. Qf1 Nd8 38. Qd3 Bg8 39. Qc3 Qf7 40. Qxa5 Qd7 41. Qd2
Bf7 42. b4 Bh5 43. Nh2 Bg6 44. g4 Nf7 45. Nf1 Nc7 46. Qf2 Qd8 47. Qh2 Qd7 48.
Bd3 Bxf5 49. Bxf5 Qe7 50. Kf2 Qd8 51. Bd3 Ne6 52. Ng3 Qb8 53. Qh5 Qc7 54. Nf5
Kg8 55. Qh3 Qb8 56. Qg3 Qa8 57. Bc2 Qf8 58. Qh2 Qa8 59. Nd6 Nh8 60. Ke1 Nf8 61.
Qf2 Qd8 62. Nxb7 Qd7 63. Nd6 Qxg4 64. Qxf6 Ne6 65. Kd2 Qg2+ 66. Kc3 Qh3 67. Nf5
Nf7 68. Qxe6 1-0

[Event "Olimpiada de Khanty-Mansiysk 2010"]
[Site "Khanty-Mansiysk RUS"]
[Date "2010.09.29"]
[Round "8"]
[White "Agopov, Mikael"]
[Black "Sulskis, Sarunas"]
[Result "1/2-1/2"]
[WhiteElo "2419"]
[BlackElo "2544"]
[PlyCount "130"]
[EventDate "2010.09.21"]
[EventType "team"]
[EventRounds "11"]
[EventCountry "RUS"]
[Source "lmi"]
[SourceDate "2010.09.21"]
[WhiteTeam "Finlandia"]
[BlackTeam "Lituania"]
[WhiteTeamCountry "FIN"]
[BlackTeamCountry "LTU"]

1. e4 e5 2. Nf3 Nc6 3. Bb5 a6 4. Ba4 Nf6 5. O-O Nxe4 6. d4 b5 7. Bb3 d5 8. dxe5
Be6 9. Nbd2 Nc5 10. c3 g6 11. Nd4 Nxe5 12. Qe2 Ned3 13. Nxe6 fxe6 14. Bc2 Nxc1
15. Rfxc1 Qf6 16. b4 Nd7 17. a4 Rb8 18. axb5 axb5 19. Nf3 Bd6 20. Nd4 Kf7 21.
Nxb5 Be5 22. f4 Bxf4 23. Rf1 e5 24. g3 Qb6+ 25. Kg2 Qxb5 26. Qxb5 Rxb5 27. Ba4
Rb6 28. Bxd7 Ke7 29. gxf4 Kxd7 30. fxe5 Re8 31. Rad1 Rxe5 32. Rf7+ Kc8 33. Rxh7
Re2+ 34. Kf1 Rc2 35. Rxd5 Rxc3 36. Rc5 Rxc5 37. bxc5 Rc6 38. Rh6 Kd7 39. Ke2
Rxc5 40. Rxg6 Rc2+ 41. Kd3 Rxh2 42. Kc4 Rc2+ 43. Kb5 Re2 44. Kc5 Re5+ 45. Kd4
Re6 46. Rg5 Kc6 47. Kc4 Re4+ 48. Kd3 Rh4 49. Kc3 Kb6 50. Rf5 Ra4 51. Kb3 Ra5
52. Rf6+ Kb5 53. Rf5+ c5 54. Rf8 c4+ 55. Kb2 Kb4 56. Rb8+ Rb5 57. Rxb5+ Kxb5
58. Kc2 Kb4 59. Kb2 c3+ 60. Kc2 Kc4 61. Kc1 Kc5 62. Kc2 Kd4 63. Kc1 Kd3 64. Kd1
c2+ 65. Kc1 Kc3 1/2-1/2

[Event "Olimpiada de Khanty-Mansiysk 2010"]
[Site "Khanty-Mansiysk RUS"]
[Date "2010.09.29"]
[Round "8"]
[White "Cmilyte, Viktorija"]
[Black "Norri, Joose"]
[Result "1-0"]
[WhiteElo "2513"]
[BlackElo "2330"]
[PlyCount "73"]
[EventDate "2010.09.21"]
[EventType "team"]
[EventRounds "11"]
[EventCountry "RUS"]
[Source "lmi"]
[SourceDate "2010.09.21"]
[WhiteTeam "Lituania"]
[BlackTeam "Finlandia"]
[WhiteTeamCountry "LTU"]
[BlackTeamCountry "FIN"]

1. d4 Nf6 2. c4 e6 3. Nf3 b6 4. a3 Ba6 5. Qc2 c5 6. d5 exd5 7. cxd5 g6 8. Nc3
Bg7 9. g3 O-O 10. Bg2 d6 11. O-O Re8 12. Re1 Nbd7 13. Bf4 Qe7 14. e4 Ng4 15. a4
Nde5 16. Nb5 Bxb5 17. axb5 Nxf3+ 18. Bxf3 Ne5 19. Be2 g5 20. Bd2 Qf6 21. Bc3
Qg6 22. f3 Re7 23. Kh1 Nd7 24. Bf1 Bxc3 25. bxc3 Qf6 26. Bg2 Ne5 27. Rf1 Ng6
28. Qd2 Kh8 29. Rae1 Rd8 30. Bh3 Ree8 31. f4 gxf4 32. gxf4 Qh4 33. Qe3 Rg8 34.
c4 Nf8 35. Qc3+ f6 36. Re3 Rg7 37. Bf5 1-0

[Event "Olimpiada de Khanty-Mansiysk 2010"]
[Site "Khanty-Mansiysk RUS"]
[Date "2010.09.29"]
[Round "8"]
[White "Sipila, Vilka"]
[Black "Zagorskis, Darius"]
[Result "0-1"]
[WhiteElo "2231"]
[BlackElo "2497"]
[PlyCount "136"]
[EventDate "2010.09.21"]
[EventType "team"]
[EventRounds "11"]
[EventCountry "RUS"]
[Source "lmi"]
[SourceDate "2010.09.21"]
[WhiteTeam "Finlandia"]
[BlackTeam "Lituania"]
[WhiteTeamCountry "FIN"]
[BlackTeamCountry "LTU"]

1. e4 c5 2. b4 cxb4 3. Nf3 Nf6 4. e5 Nd5 5. a3 e6 6. axb4 Bxb4 7. c4 Ne7 8. Na3
d5 9. Nc2 Ba5 10. cxd5 exd5 11. Ba3 Bb6 12. d4 Ba5+ 13. Nd2 O-O 14. Bd3 Nbc6
15. O-O f6 16. Nb3 Bb6 17. exf6 Rxf6 18. Ne3 Be6 19. Re1 Qd7 20. Bb5 Rf7 21.
Ra2 a6 22. Ba4 Ba7 23. Nc5 Bxc5 24. Bxc5 Rb8 25. Bc2 Nf5 26. Bb6 Nxe3 27. Rxe3
Rf6 28. Qh5 h6 29. Bb3 Bf7 30. Qe2 Nb4 31. Ba7 Ra8 32. Ra4 Rxa7 33. Rxb4 b5 34.
Bc2 Rc7 35. g3 a5 36. Rb1 b4 37. Ra1 Qc8 38. Bb3 Rc1+ 39. Rxc1 Qxc1+ 40. Kg2
Qc6 41. Qa2 Qb5 42. Re7 Kf8 43. Rc7 Qd3 44. Rc8+ Ke7 45. Rc7+ Kd6 46. Rc2 Qf3+
47. Kg1 Bg6 48. Re2 Be4 49. Rxe4 Qxe4 50. Qb2 Rf3 51. Ba4 Rc3 52. Qd2 Rc4 53.
Bb5 Rc2 54. Qd1 Rb2 55. Bd3 Qxd4 56. Qf3 Qxf2+ 57. Qxf2 Rxf2 58. Kxf2 a4 59.
Ke3 a3 60. Kd2 a2 61. Kc2 a1=Q 62. Kb3 Qa3+ 63. Kc2 Qc3+ 64. Kb1 Qxd3+ 65. Kb2
Qc3+ 66. Ka2 b3+ 67. Kb1 Qc2+ 68. Ka1 Qa2# 0-1

[Event "Olimpiada de Khanty-Mansiysk 2010"]
[Site "Khanty-Mansiysk RUS"]
[Date "2010.09.29"]
[Round "8"]
[White "Zhang, Zhong"]
[Black "Pelletier, Yannick"]
[Result "1/2-1/2"]
[WhiteElo "2582"]
[BlackElo "2592"]
[PlyCount "108"]
[EventDate "2010.09.21"]
[EventType "team"]
[EventRounds "11"]
[EventCountry "RUS"]
[Source "lmi"]
[SourceDate "2010.09.21"]
[WhiteTeam "Singapur"]
[BlackTeam "Suiza"]
[WhiteTeamCountry "SIN"]
[BlackTeamCountry "SUI"]

1. e4 e6 2. d4 d5 3. Nc3 dxe4 4. Nxe4 Nd7 5. Nf3 Ngf6 6. Nxf6+ Nxf6 7. c3 c5 8.
Ne5 a6 9. Be3 Qc7 10. Qa4+ Nd7 11. Bb5 cxd4 12. Bxd7+ Bxd7 13. Qxd4 f6 14. Nxd7
Qxd7 15. Qxd7+ Kxd7 16. O-O-O+ Kc7 17. a4 a5 18. Rd4 Ra6 19. Rhd1 Rd6 20. Rc4+
Rc6 21. Rxc6+ bxc6 22. Kc2 Be7 23. Rd2 Rb8 24. Kd3 Rd8+ 25. Kc4 Rd5 26. b4 axb4
27. cxb4 Kb7 28. h3 Bd6 29. Rb2 Re5 30. Rd2 Rd5 31. g4 g6 32. Rb2 Re5 33. Rd2
Rd5 34. f3 Bc7 35. Rd3 h5 36. Bc5 hxg4 37. hxg4 Rxd3 38. Kxd3 f5 39. Kc4 Ka6
40. Be7 Bb6 41. Bf6 Kb7 42. Be5 Bf2 43. g5 Be3 44. f4 Ka6 45. a5 Ba7 46. Bc7
Kb7 47. Bd6 Ka6 48. Be5 Be3 49. Bb8 Kb7 50. Kd3 Bf2 51. Bd6 Ba7 52. Kc3 Ka6 53.
Kc4 Be3 54. Be5 Ba7 1/2-1/2

[Event "Olimpiada de Khanty-Mansiysk 2010"]
[Site "Khanty-Mansiysk RUS"]
[Date "2010.09.29"]
[Round "8"]
[White "Ekstroem, Roland"]
[Black "Fernandez, Daniel Howard"]
[Result "1-0"]
[WhiteElo "2489"]
[BlackElo "2371"]
[PlyCount "91"]
[EventDate "2010.09.21"]
[EventType "team"]
[EventRounds "11"]
[EventCountry "RUS"]
[Source "lmi"]
[SourceDate "2010.09.21"]
[WhiteTeam "Suiza"]
[BlackTeam "Singapur"]
[WhiteTeamCountry "SUI"]
[BlackTeamCountry "SIN"]

1. d4 Nf6 2. Nf3 c5 3. c4 e6 4. e3 cxd4 5. exd4 Bb4+ 6. Nc3 O-O 7. Bd3 d5 8.
O-O dxc4 9. Bxc4 b6 10. Ne5 Bb7 11. Bg5 Be7 12. Re1 Kh8 13. Qd3 Nc6 14. Nxc6
Bxc6 15. Rad1 Qc8 16. Bb3 Qb7 17. Qh3 Rad8 18. Bc2 g6 19. Bb3 Ng8 20. Qg3 Bxg5
21. Qxg5 Qe7 22. Qe5+ Qf6 23. Qc7 Ba8 24. d5 exd5 25. Nxd5 Qxb2 26. Qxa7 Bxd5
27. Bxd5 Nf6 28. Bb3 Rb8 29. h3 Qc3 30. Re7 Qa5 31. Rxf7 Qxa7 32. Rxa7 Rbd8 33.
Re1 Rd6 34. Ree7 Rfd8 35. g4 h6 36. Kg2 g5 37. Kg3 Rd3+ 38. Kg2 R3d6 39. Rf7
Re8 40. Rac7 Ra8 41. Rce7 Rg8 42. Be6 Rg6 43. Rf8+ Ng8 44. Bb3 Rdf6 45. Rc8 Rc6
46. Rb8 1-0

[Event "Olimpiada de Khanty-Mansiysk 2010"]
[Site "Khanty-Mansiysk RUS"]
[Date "2010.09.29"]
[Round "8"]
[White "Buss, Ralph"]
[Black "Chua, Zheng Yuan Terry"]
[Result "1-0"]
[WhiteElo "2433"]
[BlackElo "2280"]
[PlyCount "55"]
[EventDate "2010.09.21"]
[EventType "team"]
[EventRounds "11"]
[EventCountry "RUS"]
[Source "lmi"]
[SourceDate "2010.09.21"]
[WhiteTeam "Suiza"]
[BlackTeam "Singapur"]
[WhiteTeamCountry "SUI"]
[BlackTeamCountry "SIN"]

1. Nf3 f5 2. d4 Nf6 3. g3 g6 4. Bg2 Bg7 5. O-O d6 6. b3 O-O 7. Bb2 c6 8. Nbd2
Na6 9. c4 e5 10. dxe5 Ng4 11. Qc2 Nxe5 12. Rad1 Qe7 13. a3 Be6 14. Nd4 Bf7 15.
e4 fxe4 16. Nxe4 Nc5 17. Nxd6 Qxd6 18. Nf5 Qxd1 19. Ne7+ Kh8 20. Rxd1 Rae8 21.
f4 Ncd3 22. Rxd3 Nxd3 23. Bxg7+ Kxg7 24. Qc3+ Kh6 25. Qf6 Rxe7 26. Qxe7 Kg7 27.
Qe3 Rd8 28. Bf1 1-0

[Event "Olimpiada de Khanty-Mansiysk 2010"]
[Site "Khanty-Mansiysk RUS"]
[Date "2010.09.29"]
[Round "8"]
[White "Rodriguez Vila, Andres"]
[Black "Ahmed, Abdul Sattar abdul"]
[Result "1-0"]
[WhiteElo "2537"]
[BlackElo "2342"]
[PlyCount "107"]
[EventDate "2010.09.21"]
[EventType "team"]
[EventRounds "11"]
[EventCountry "RUS"]
[Source "lmi"]
[SourceDate "2010.09.21"]
[WhiteTeam "Uruguay"]
[BlackTeam "Irak"]
[WhiteTeamCountry "URU"]
[BlackTeamCountry "IRQ"]

1. e4 c5 2. Nf3 e6 3. Qe2 Nc6 4. g3 d6 5. Bg2 Nf6 6. O-O Be7 7. c3 O-O 8. d4
cxd4 9. cxd4 d5 10. e5 Nd7 11. Nc3 a6 12. h4 b5 13. Be3 Nb6 14. h5 b4 15. Nb1
a5 16. Qc2 Ba6 17. h6 g6 18. Re1 Rc8 19. Qd1 a4 20. Nbd2 Na7 21. Bf1 Bxf1 22.
Nxf1 Qc7 23. Rc1 Qd7 24. Bg5 Rxc1 25. Qxc1 Rc8 26. Qf4 Bf8 27. Ne3 Qe8 28. Ng4
Nd7 29. Qd2 Rc6 30. Qd1 Ra6 31. Qd3 Qc8 32. Kg2 Qc4 33. Qd2 Rc6 34. Qf4 Qc2 35.
Ne3 Qe4 36. Qxe4 dxe4 37. Nd2 Nb5 38. Nxe4 Nb6 39. Rd1 a3 40. bxa3 Nxa3 41.
Nf6+ Kh8 42. d5 exd5 43. Nexd5 Nac4 44. Nxb4 Rc8 45. Nbd5 Rd8 46. Nxb6 Rxd1 47.
Nxc4 Rd4 48. Nd6 Bxd6 49. exd6 Rxd6 50. Be3 Ra6 51. Bc5 Ra8 52. a4 g5 53. a5 g4
54. a6 1-0

[Event "Olimpiada de Khanty-Mansiysk 2010"]
[Site "Khanty-Mansiysk RUS"]
[Date "2010.09.29"]
[Round "8"]
[White "Al-Ali, Hussein Ali Husse"]
[Black "Larrea, Manuel"]
[Result "1-0"]
[WhiteElo "2364"]
[BlackElo "2323"]
[PlyCount "140"]
[EventDate "2010.09.21"]
[EventType "team"]
[EventRounds "11"]
[EventCountry "RUS"]
[Source "lmi"]
[SourceDate "2010.09.21"]
[WhiteTeam "Irak"]
[BlackTeam "Uruguay"]
[WhiteTeamCountry "IRQ"]
[BlackTeamCountry "URU"]

1. d4 Nf6 2. Nf3 g6 3. Bg5 Bg7 4. Nbd2 d6 5. e4 O-O 6. c3 c5 7. Bd3 Nc6 8. O-O
b6 9. d5 Ne5 10. Nxe5 dxe5 11. Nc4 h6 12. Bh4 Qc7 13. a4 Ne8 14. Bg3 Bb7 15. f4
exf4 16. Bxf4 Qd8 17. Ne3 Nf6 18. Ng4 Nxg4 19. Qxg4 e6 20. Bc4 e5 21. Be3 Bc8
22. Qg3 Qd6 23. Qh4 g5 24. Qg3 f5 25. exf5 Bxf5 26. h4 gxh4 27. Qxh4 Bh7 28.
Qg4 Kh8 29. Rxf8+ Rxf8 30. Rf1 Rxf1+ 31. Kxf1 Qf6+ 32. Ke2 Bf5 33. Qh5 Bg6 34.
Qh3 Bf5 35. g4 Bh7 36. Qh5 Bg6 37. Qh1 Bh7 38. Bd3 Bxd3+ 39. Kxd3 Kg8 40. Qg2
Bf8 41. Qf2 Qg6+ 42. Qf5 Qxf5+ 43. gxf5 Kf7 44. Ke4 Kf6 45. Bf2 Bd6 46. Bh4+
Kf7 47. c4 Kg7 48. b3 Kf7 49. Kf3 h5 50. Ke4 Kg7 51. Be1 Kf6 52. Bg3 Bc7 53.
Bh4+ Kf7 54. Bg5 Bd6 55. Bd8 Bb8 56. Bg5 Bd6 57. Kf3 Bc7 58. Kg3 Bd6 59. Kh4
Bb8 60. Kxh5 Bc7 61. Kg4 Bd6 62. Kf3 Bc7 63. Ke4 Bd6 64. Bd8 Kg7 65. a5 bxa5
66. Bxa5 Kf7 67. Bd8 a6 68. f6 a5 69. Kf5 Ke8 70. Bxa5 Kf7 1-0

[Event "Olimpiada de Khanty-Mansiysk 2010"]
[Site "Khanty-Mansiysk RUS"]
[Date "2010.09.29"]
[Round "8"]
[White "Izquierdo, Daniel"]
[Black "Noah, A. H. Al-Ali"]
[Result "0-1"]
[WhiteElo "2275"]
[BlackElo "2397"]
[PlyCount "114"]
[EventDate "2010.09.21"]
[EventType "team"]
[EventRounds "11"]
[EventCountry "RUS"]
[Source "lmi"]
[SourceDate "2010.09.21"]
[WhiteTeam "Uruguay"]
[BlackTeam "Irak"]
[WhiteTeamCountry "URU"]
[BlackTeamCountry "IRQ"]

1. d4 d5 2. c4 e6 3. Nf3 Nf6 4. g3 dxc4 5. Bg2 c5 6. O-O Nc6 7. Qa4 Bd7 8. dxc5
Bxc5 9. Qxc4 Qe7 10. Nc3 O-O 11. Bg5 Bb6 12. Rad1 Rfd8 13. Ne4 Rac8 14. Nd6 Rc7
15. Qh4 h6 16. Bxf6 Qxf6 17. Qxf6 gxf6 18. Rd2 Kf8 19. a3 a6 20. Rc1 Ke7 21.
Nc4 Na5 22. Rdc2 Ba4 23. Rc3 Nxc4 24. Rxc4 Rd1+ 25. Rxd1 Bxd1 26. Rxc7+ Bxc7
27. Kf1 Kd6 28. Nd4 Bb6 29. e3 Bxd4 30. exd4 b6 31. Ke1 Bb3 32. Kd2 e5 33. Kc3
Bd5 34. Bf1 a5 35. Bc4 e4 36. Be2 f5 37. Kd2 Be6 38. Ke3 Kd5 39. h4 Kd6 40. f3
Kd5 41. b3 Kd6 42. Bc4 a4 43. Bxe6 fxe6 44. bxa4 exf3 45. Kxf3 Kd5 46. g4 fxg4+
47. Kxg4 Kxd4 48. Kh5 e5 49. Kxh6 e4 50. Kg7 e3 51. h5 e2 52. h6 e1=Q 53. h7
Qe7+ 54. Kg8 Qg5+ 55. Kf7 Qh6 56. Kg8 Qg6+ 57. Kh8 Qf7 0-1

[Event "Olimpiada de Khanty-Mansiysk 2010"]
[Site "Khanty-Mansiysk RUS"]
[Date "2010.09.29"]
[Round "8"]
[White "Amjad, Ali Al-Bahadly"]
[Black "Guerrero, Alvaro"]
[Result "1-0"]
[WhiteElo "2240"]
[BlackElo "2270"]
[PlyCount "91"]
[EventDate "2010.09.21"]
[EventType "team"]
[EventRounds "11"]
[EventCountry "RUS"]
[Source "lmi"]
[SourceDate "2010.09.21"]
[WhiteTeam "Irak"]
[BlackTeam "Uruguay"]
[WhiteTeamCountry "IRQ"]
[BlackTeamCountry "URU"]

1. d4 Nf6 2. Nf3 d6 3. c4 g6 4. Nc3 Bg7 5. e4 O-O 6. Be2 e5 7. d5 Na6 8. Bg5 h6
9. Bh4 Qe8 10. Nd2 Nh7 11. Rb1 f5 12. f3 Bf6 13. Bf2 Qe7 14. b4 Bd7 15. c5 Nb8
16. Nc4 fxe4 17. Nxe4 Bf5 18. cxd6 cxd6 19. Ncxd6 Nd7 20. Qb3 Kh8 21. O-O Ng5
22. Bd3 b6 23. Rbc1 Nxe4 24. Nxe4 Qg7 25. Rc6 Bd8 26. Qc2 Nb8 27. Rc3 Nd7 28.
g4 Bxe4 29. Bxe4 Nf6 30. Bg3 Nxe4 31. Qxe4 Bf6 32. Rfc1 Rae8 33. Rc7 Rf7 34. d6
Rd8 35. Qb7 Kg8 36. Qd5 Kf8 37. Bxe5 Bxe5 38. Rxf7+ Qxf7 39. Qxe5 Qg7 40. Qf4+
Kg8 41. Rc7 Qa1+ 42. Kg2 Qxa2+ 43. Kh3 Qe6 44. Qxh6 Qf6 45. Qh7+ Kf8 46. Qe7+
1-0

[Event "Olimpiada de Khanty-Mansiysk 2010"]
[Site "Khanty-Mansiysk RUS"]
[Date "2010.09.29"]
[Round "8"]
[White "Valdes, Leonardo"]
[Black "Patriarca, Luis Carlos"]
[Result "1/2-1/2"]
[WhiteElo "2429"]
[BlackElo "2308"]
[PlyCount "93"]
[EventDate "2010.09.21"]
[EventType "team"]
[EventRounds "11"]
[EventCountry "RUS"]
[Source "lmi"]
[SourceDate "2010.09.21"]
[WhiteTeam "Costa Rica"]
[BlackTeam "Paraguay"]
[WhiteTeamCountry "CRI"]
[BlackTeamCountry "PAR"]

1. Nf3 c5 2. c4 Nc6 3. Nc3 d6 4. g3 g6 5. Bg2 Bg7 6. O-O e5 7. d3 Nge7 8. a3 a6
9. Rb1 Rb8 10. b4 cxb4 11. axb4 b5 12. cxb5 axb5 13. e4 O-O 14. Be3 Nd4 15. Ne2
Nxf3+ 16. Bxf3 Be6 17. d4 Bc4 18. Re1 Qc7 19. Rc1 Qb7 20. Nc3 Nc6 21. dxe5 dxe5
22. Nd5 Nd4 23. Bxd4 exd4 24. Qd2 Ra8 25. Qg5 Ra3 26. Bg2 f6 27. Qf4 Ra6 28.
Qf3 Qd7 29. Rcd1 Qa7 30. h4 Bh6 31. Qg4 d3 32. h5 Ra2 33. Rf1 Kg7 34. hxg6 hxg6
35. Bf3 Qd4 36. Qd7+ Rf7 37. Qe8 Qe5 38. Qc8 d2 39. Kg2 Bxf1+ 40. Rxf1 Ra1 41.
Rxa1 Qxa1 42. Nc3 Qc1 43. Bd1 Rf8 44. Qd7+ Kh8 45. Qh3 Kh7 46. Qd7+ Kh8 47. Qh3
1/2-1/2

[Event "Olimpiada de Khanty-Mansiysk 2010"]
[Site "Khanty-Mansiysk RUS"]
[Date "2010.09.29"]
[Round "8"]
[White "Latorre, Manuel"]
[Black "Gonzalez, Bernal"]
[Result "0-1"]
[WhiteElo "2284"]
[BlackElo "2423"]
[PlyCount "132"]
[EventDate "2010.09.21"]
[EventType "team"]
[EventRounds "11"]
[EventCountry "RUS"]
[Source "lmi"]
[SourceDate "2010.09.21"]
[WhiteTeam "Paraguay"]
[BlackTeam "Costa Rica"]
[WhiteTeamCountry "PAR"]
[BlackTeamCountry "CRI"]

1. d4 d5 2. Nf3 Nf6 3. c4 c6 4. e3 Bg4 5. Qb3 Qb6 6. Ne5 Bf5 7. cxd5 Qxb3 8.
axb3 Nxd5 9. f3 Nb4 10. Na3 Nd7 11. Nxd7 Bxd7 12. Bd2 e6 13. Kf2 Be7 14. Nc4
O-O 15. Ne5 Rfd8 16. Bc4 Be8 17. Rhc1 Kf8 18. Ke2 Nd5 19. Nd3 f6 20. Nc5 Bxc5
21. dxc5 Bf7 22. e4 Nc7 23. Ba5 Rd7 24. Rd1 Re7 25. Rd6 e5 26. Bxc7 Rxc7 27.
Kd3 Be8 28. b4 a6 29. Kc3 Bd7 30. g3 Re8 31. Rad1 Bc8 32. Kd2 Rd7 33. Ke3 Rxd6
34. Rxd6 Ke7 35. Rd2 Bd7 36. Rd1 Ra8 37. h4 Rh8 38. Rd2 h5 39. f4 Ra8 40. Rd3
exf4+ 41. Kxf4 Bg4 42. e5 fxe5+ 43. Kxe5 Rf8 44. Re3 Rf2 45. Kd4+ Kf6 46. Re8
Rd2+ 47. Kc3 Rg2 48. Rf8+ Ke5 49. Re8+ Kf5 50. Kd4 Rd2+ 51. Ke3 Rxb2 52. Rf8+
Ke5 53. Re8+ Kf6 54. Rf8+ Ke7 55. Rf7+ Kd8 56. Rxb7 a5 57. b5 cxb5 58. Bxb5 a4
59. Bc6 Rxb7 60. Bxb7 a3 61. Bd5 Ke7 62. Kd4 Be6 63. Bxe6 Kxe6 64. Kc3 Kd5 65.
Kb3 Kxc5 66. Kxa3 Kd4 0-1